| 000 | 00854nas a2200277 4500 | ||
|---|---|---|---|
| 001 | BR0400764 | ||
| 003 | BR-BrBNA | ||
| 005 | 20231205104338.0 | ||
| 007 | ta | ||
| 008 | 230509b bl.|||p| |||| 00| 00por d | ||
| 040 |
_aBR-BrBNA _bpor _cBiblioteca Nacional de Agricultura |
||
| 041 | _a(Pt) | ||
| 072 | _aL53 | ||
| 100 | 1 | _aBastos, L.V. | |
| 100 | 1 | _aGuimarães, D.A. | |
| 100 | 1 | _aLuz-Ramos, R.S. | |
| 100 | 1 | _aFerreira, A.C.S. | |
| 100 | 1 | _aOhashi, O.M. | |
| 245 | 1 | _aAspectos da citologia vaginal durante o ciclo estral de Agouti paca criada em cativeiro | |
| 650 | _aPACA | ||
| 650 | _aCICLO ESTRAL | ||
| 650 | _aREPRODUÇÃO ANIMAL | ||
| 773 | 0 |
_tRevista Brasileira de Reprodução Animal (Brazil) _xISSN 0102-0803 _g(Apr-Jun 2003), v. 27(2) p. 294-295 _wBR0400764 |
|
| 909 |
_a202311 _bLúcia _c55 _dLúcia Elande |
||
| 942 |
_2AGRIS _n0 _cANA |
||
| 999 |
_c177672 _d177672 |
||